banner-ar

MAAROUF AND THE DREAM CARAVAN / (Record no. 13616)

MARC details
000 -الفاتح
حقل البيانات ثابتة الطول 00479nam a2200181Ia 4500
008 - عناصر البيانات ثابتة الطول - معلومات عامة
حقل البيانات ثابتة الطول 140319s9999 xx 000 0 eng d
040 ## - مصدر الفهرسة
وكالة الفهرسة الأصلية GCL /
وكالة النسخ GCL
082 04 - رقم تصنيف ديوى العشرى
رقم التصنيف CH
رقم المادة 823.087
-- D M
100 1# - المدخل الرئيسى - إسم شخصى
الإسم الشخصى DAVIES, DENYS JOHNSON
245 10 - بيان العنوان
العنوان MAAROUF AND THE DREAM CARAVAN /
بيان المسئوليه,etc DAVIES, DENYS JOHNSON
700 1# - المدخل الاضافى - اسم شخصى
الإسم الشخصى GAISSA, YASSER
260 ## - PUBLICATION, DISTRIBUTION, ETC. (IMPRINT)
تاريخ النشر أو التوزيع 1996
300 ## - الوصف المادى
التعداد 48 P
650 04 - المدخل الاضافى بالموضوع-مصطلح موضوعى
مصطلح موضوعي CHILDREN - NOVELS
650 04 - المدخل الاضافى بالموضوع-مصطلح موضوعى
مصطلح موضوعي CHILDREN
942 ## - عناصر المدخل الإضافي( كوها)
مصدر التصنيف او مخطط الترفيف Dewey Decimal Classification
Koha [default] item type كتاب
260 ## - PUBLICATION, DISTRIBUTION, ETC. (IMPRINT)
-- [S.N] :
-- HOOPOE BOOKS ،
Holdings
حالة التراجع حالة الفقد حالة تلف ليس للاعارة المكان المؤقت الموقع الحالى تاريخ الاكتساب اجمالي اﻻعارات رقم الطلب الباركود تاريخ اخر مشاهدة تاريخ تفعيل السعر نوع وعاء كوها
        مكتبة القاهرة الكبرى مكتبة القاهرة الكبرى 03/26/2014   CH\823.087\D M 25963 03/26/2014 03/26/2014 كتاب

Powered By

EGPV